01069nam a22002417i 4500003000900000008004100009040007100050082002400121100003500145245007700180260008300257300004600340505019100386650002300577650002400600650001800624700003100642700002900673700002300702700003100725700003600756700003500792AR-CdUCM250425b20182018 pe||||| |||| 00| 0 spa d  aMUNICIPALIDAD PROVINCIAL DEL CUSCOcBIBLIOTECA MUNICIPAL DEL CUSCO  aEP / 370 / O47bO47  aOllachica Mendoza, Carmen Rosa  aLa Sabiduría de la Naturaleza :bSeñas y secretos de un mundo vivo /  aCusco :bCEPROSI - Centro de Promoción de Sabidurías Interculturalesc2018  a85 páginas. :bIlustracionesc30x21 cm.  aSeñas de la naturaleza -- Señas biológicas -- Señas de plantas -- Señas de animales -- Señas de fenómenos meteorológicos y astros -- Secretos para la crianza de la chacra  aSeñas de plantas  aSeñas de animales  aSala infantes  aLayme Narváez, Brígida  aHuarca Vargas, Petronila  aSoto Meza, Justina  aPaucar Tayro, Berna Lucia   aCondori Velásquez, Teófila   aMontufar Yépez Nancy Zunilda